000 01111nam0a22002771 4500
001 rc\235288
005 20250621012136.0
035 _a(NLR Aleph) 005497701
090 _a5274305
_c5274305
100 _a20030307d1990 |||y0rusy50 ca
101 0 _arus
102 _aRU
105 _aa |||||||||
200 1 _aМетод проектирования адаптивных систем управления непрерывными технологическими процессами
_f[Г.М. Бакан, В.В. Волосов, М.Ю. Васильев, Н.Н. Сальников]
210 _aКиев
_cИК
_d1990
215 _a30 с.
_cил.
_d20
225 1 _aПрепринт
_fАН УССР. Ин-т кибернетики им. В.М. Глушкова
_v90-45
300 _aАвт. указаны на обороте тит. л.
320 _aБиблиогр.: с. 29-30 (15 назв.)
701 1 _aБакан
_bГ.М.
_gГеннадий Михайлович
801 0 _aRU
_bNLR
_gpsbo
801 1 _aRU
_bELAR
_2rusmarc
852 _aNLR
_j90-4/18063
942 _cBOOK
980 _aNB